000 00806nam a2200253 i 4500
001 92227
003 ES-MaACL
005 20250804062644.0
007 t|
008 131205s1978 sp ||||1| spa d
020 _a84-01-37010-8
080 _a840-31"19"
100 1 _aChevallier, Gabriel,
_d1895-1969
_eaut
_9153932
245 1 0 _aClochemerle /
_cGabriel Chevalier ; [traducción del francés Salvador Marsal].
250 _a2ª ed.
260 _aEsplugas de Llobregat, Barcelona :
_bPlaza & Janés,
_c1978.
300 _a395 páginas ;
_c20 cm.
655 0 _aNovelas
_9234319
700 1 _aMarsal, Salvador
_etrl
_9153933
852 _aES-MaACL
_cDEPO2
_hDonativo Manuel Halffter
_jE-5003
942 _2udc
_cMONOGRAFIA
_n0
999 _c92227
_d92227